00381pab a2200145 454500008004000000100002000040245003300060260000900093300001300102362000800115650002200123650003600145650002800181773002600209180718b2000 xxu||||| |||| 00| 0 eng d aGupta, Anirudha aIndia: democracy and dissent c2000 ap.181-88 aJan aDemocracy - India aIndia - Politics and government aPolitics and government aParliamentary Affairs